Capital Cities on Islands - Sudden Death - Statistics

General Stats
  • This quiz has been taken 709 times
    675 since last reset
  • The average score is 11 of 20
Answers on the Grid
Answers color-coded by a green-red scale on the quiz's grid according to % correct below.
Abu Dhabi
Amsterdam
Antananarivo
Asmara
Athens
Bamako
Basseterre
Beijing
Copenhagen
Dhaka
Dili
Dublin
Havana
Istanbul
Kingston
Kinshasa
Kuala Lumpur
Kuwait City
Lima
Lisbon
Malabo
Manama
Manila
Mogadishu
Montevideo
Nassau
Nicosia
Oslo
Ottawa
Palikir
Panama City
Praia
Riyadh
Rome
Santiago
Singapore
Tokyo
Victoria
Wellington
Yaren
 
Answer Stats
Answer % Correct
Havana
76%
Dublin
75%
Antananarivo
73%
Kingston
68%
Tokyo
66%
Wellington
64%
Manila
62%
Singapore
62%
Nicosia
61%
Dili
60%
Nassau
60%
Basseterre
54%
Copenhagen
53%
Victoria
50%
Praia
49%
Palikir
48%
Yaren
47%
Manama
42%
Malabo
35%
Abu Dhabi
20%
No matching quizzes found
Score Distribution
Percent of People with Each Score
Percentile by Number Answered
Your Score History
You have not taken this quiz since the last reset